000 00476nam a2200181Ia 4500
005 20250423094444.0
008 250422s9999 xx 000 0 und d
020 _a9781780644738
050 _aQK 861 .K86/
100 _aKumar, Satyanshu
245 0 _aAnalytical techniques for natural product research
260 _aOxfordshire
260 _bBoston, MA : CABI
260 _c2015
300 _a194 p
650 _a Plant extracts--Analysis--Technique.
942 _cBK
999 _c27292
_d27292